000 00606naa a2200217 i 4500
001 91249
003 ES-MaBCM
005 20241016125748.0
008 030612s2003 fra 000 0 fre d
021 _axx
035 _a(OCoLC)1365186772
040 _cES-MaBCM
041 0 _afre
043 _afra
100 1 _aBoulmier, Daniel
_96122
245 1 0 _aLa crise de foi dans le cachet de la poste
_cDaniel Boulmier
650 7 _aServicio postal
_958155
651 4 _aFrancia
_9115364
773 0 _aEn:
_tLa semaine juridique
_dParis : 2003
_w104649
_gnÂș 19, mai, p. 821-826. - Loc. S.302
942 _cAREV
999 _c91249
_d91249